00905 a2200157 45000010006000000050017000060080041000230030015000640400040000790800064001192450036001832640052002193000019002715050428002901000029007182929620260407155602.0260407a1983 arg spa dAR-UNSa-BCEJYS aAR-UNSa-BCEJYSbspacAR-UNSa-BCEJYS a657-051xProfesional en Ciencias Económicas (Contador...)10aLos registros contables legales 1aBuenos Aires :bEdiciones Nueva Técnicac1983 a211 p.c26 cm. a1. Introducción - 2. La actuación del contador público en relación con los registros contables - 3. El régimen del código de comercio - 4. El régimen de la ley de sociedades comerciales - 5. Las normas de la inspección general de justicia - 6. Las normas de la dirección impositiva sobre facturación y registro de operaciones - 7. Necesidades de un nuevo régimen, reflexiones críticas - Apéndice. 1 aSchiavo, Jorge Nicolás